000 00566nam a2200241Ia 4500
003 OSt
005 20220912145721.0
006 a|||||r|||| 00| 0
007 ta
008 220909b |||||||| |||| 00| 0 eng d
024 _a74320
037 _cTextbook
040 _aCSL
_beng
_cCSL
041 _aeng
082 _aI:17.41, H5 CS
100 _aCox E H M
245 0 _aPlant hunting in China
260 _c1945
300 _ap.
_ccm.
650 _aBotany
942 _hI:17.41, H5 CS
_cTB
_2CC
999 _c36983
_d36983